Ôsmi z desiatich študentov ekonómie a manažmentu sú ochotní sťahovať sa za prácou - najmä na Západ Študenti chcú pracovať v dobrých firmách, ale nevedia, ktoré to sú
Výsledky prieskumu s názvom Najžiadanejšia firma, ktorý medzi 815 poslucháčmi 5 slovenských vysokých škôl uskutočnila AIESEC v okt.-nov. 1994. Parametre prieskumu, vedomosti a schopnosti, plat, postoj k budúcemu zamestnaniu, najatraktívnejšie odvetvia.
Salvato in:
| Autore principale: | |
|---|---|
| Altri autori: | |
| Natura: | Capitolo di libro |
| Lingua: | slovacco |
| Soggetti: | |
| Tags: |
Nessun Tag, puoi essere il primo ad aggiungerne!!
|
MARC
| LEADER | 00000naa a2200000 4500 | ||
|---|---|---|---|
| 001 | r016707 | ||
| 005 | 20221205103035.7 | ||
| 041 | 0 | |a slo | |
| 044 | |a SK | ||
| 245 | 1 | 0 | |a Ôsmi z desiatich študentov ekonómie a manažmentu sú ochotní sťahovať sa za prácou - najmä na Západ |b Študenti chcú pracovať v dobrých firmách, ale nevedia, ktoré to sú |c J. Kavuliak, M. Vittek |
| 520 | |a Výsledky prieskumu s názvom Najžiadanejšia firma, ktorý medzi 815 poslucháčmi 5 slovenských vysokých škôl uskutočnila AIESEC v okt.-nov. 1994. Parametre prieskumu, vedomosti a schopnosti, plat, postoj k budúcemu zamestnaniu, najatraktívnejšie odvetvia. | ||
| 610 | 2 | 0 | |a ekonómovia |
| 610 | 2 | 0 | |a zamestnanosť |
| 610 | 2 | 0 | |a záujem o prácu |
| 610 | 2 | 0 | |a Slovensko |
| 610 | 2 | 0 | |a prieskum sociologický |
| 610 | 2 | 0 | |a školy vysoké |
| 610 | 2 | 0 | |a AIESEC |
| 610 | 2 | 0 | |a pracovníci zahraniční |
| 610 | 2 | 0 | |a 1994 |
| 610 | 2 | 0 | |a podnikanie súkromné |
| 100 | 1 | |a Kavuliak, J. | |
| 700 | 1 | |a Vittek, M. | |